01125nam a2200337uu 4500001000800000005001700008008004100025020001800066035001200084040001300096041000800109082000800117100003200125245006300157260008700220300002200307650003600329650000900365650002300374650006600397650004900463650004400512650002900556650001500585650003700600700002900637700002900666700002900695700003400724700002900758127353420260508072246.0120222s2011 eng  a9788660750138 a1273534 ccomduadb aeng 4a62110aKovalevsky, S. V.4auteaut10aTechnology in heavy engineering - processes and management aSerbia :bSaTCIP Scientific and Technical Center for Intellectual Property,c2011. a329 p., xxi : il. 7aMáquinas herramientas2armarc aEjes aEjes - Fabricacion aMáquinas herramientas - Control numérico - Programación aMáquinas herramientas - Control numérico aMáquinas herramientas - Fabricación aCNC (Control numérico) aFresadoras aControl numérico computarizado10aOnischuk, S.G.4auteaut10aMishura, E. V.4auteaut10aSaunkin, V. T.4auteaut10aKovalevskaya, E. S.4auteaut10aMishura, V. B.4auteaut